000
00312nam a22001457a 4500
008
231101b ||||| |||| 00| 0 eng d
020
_a
9780195105339
041
_a
eng
080
_a
574
082
_a
574CRO
100
_a
44
101
_a
MJED
245
_a
PALEOCLIMATOLOGY
_c
CROWLEY.J.TH
942
_2
udc
_c
BK
999
_c
60475
_d
60475